000 00468nam a22001577a 4500
999 _c17495
_d17495
008 190228b xxu||||| |||| 00| 0 eng d
020 _a0123851383
050 _aTK5105.5
_b.P479 2012 c.1
100 _aPeterson, Larry L.
245 _aComputer Networks
_ba system approach
_cLarry L. Peterson
250 _a5th ed.
_binternational student edition
260 _aAmsterdam
_bElsevier
_c2012
300 _axxxi, 884p.
650 _acomputer networks
942 _2lcc
_cBK